000 00350 a2200121 4500
001 ART_47032
005 20260410161850.0
008 260409a
245 1 0 _aPseudo equilibrios de expectativas
100 1 _aHeymann, Daniel
700 1 _aSanguinetti, Pablo
773 0 _tEconómica
_g- Año XLVI, Nº 1 (ene./jun. 2000)
_wREV7541
999 _c24920
_d24920